000 00305nam a2200121Ia 4500
005 20251222155157.0
008 251222s9999||||xx |||||||||||||| ||spa||
082 _aSIC.37
100 _aPRADA R, Jose Rafael.
245 0 _aPsicoterapia y consejería,como ayudarse Ud.
264 _bNo tiene
942 _cLIB
999 _c39777
_d39777